Migrants and the neoliberal city / (Record no. 170750)

MARC details
000 -LEADER
fixed length control field 00644nam a2200193 4500
005 - DATE AND TIME OF LATEST TRANSACTION
control field 20191224142152.0
010 ## - LCCN (DPL NO)
LC control number ENG-127230
020 ## - INTERNATIONAL STANDARD BOOK NUMBER
International Standard Book Number 9789352872909
Terms of availability 1150.00
035 ## - SYSTEM CONTROL NUMBER
System control number EN-110762
037 ## - SOURCE OF ACQUISITION
Source of stock number/acquisition DBAD/PUB
082 ## - DEWEY DECIMAL CLASSIFICATION NUMBER
Classification number 331.544
245 ## - TITLE STATEMENT
Title Migrants and the neoliberal city /
Statement of responsibility, etc ed.by Ranbir Samaddar
260 ## - PUBLICATION, DISTRIBUTION, ETC. (IMPRINT)
Place of publication, distribution, etc Hyderabad
Name of publisher, distributor, etc Orient Blackswan
Date of publication, distribution, etc 2018
270 ## - ADDRESS
Address 3-6-752, Himayatnagar
City Hyderabad, Telangana
Postal code 500029
Electronic mail address centraloffice@orientblackswan.com
300 ## - PHYSICAL DESCRIPTION
Extent xii;362p.
Dimensions 22cm(Hb)
500 ## - GENERAL NOTE
General note Includes bibliographical references and index
700 ## - ADDED ENTRY--PERSONAL NAME
Personal name Samaddar, Ranbir
942 ## - ADDED ENTRY ELEMENTS (KOHA)
Source of classification or shelving scheme Dewey Decimal Classification
Item type English Books
Classification part 331.544
Call number suffix SAM
Holdings
Withdrawn status Lost status Not for loan Collection code Home library Current library Date acquired Source of acquisition Cost, normal purchase price Full call number Barcode Copy number Cost, replacement price Koha item type
      Non-fiction Ashok Vihar Ashok Vihar 24/12/2019 DBAD/PUB 1150.00 331.544 SAM EN-110762 1 1150.00 English Books

© Delhi Public Library
Hit Counter
free hit counter